<?xml version="1.0" encoding="UTF-8"?><?xml-stylesheet type="text/xsl" href="static/style.xsl"?><OAI-PMH xmlns="http://www.openarchives.org/OAI/2.0/" xmlns:xsi="http://www.w3.org/2001/XMLSchema-instance" xsi:schemaLocation="http://www.openarchives.org/OAI/2.0/ http://www.openarchives.org/OAI/2.0/OAI-PMH.xsd"><responseDate>2026-06-01T17:01:58Z</responseDate><request verb="GetRecord" identifier="oai:riuma.uma.es:10630/15465" metadataPrefix="marc">https://riuma.uma.es/rest/oai/request</request><GetRecord><record><header><identifier>oai:riuma.uma.es:10630/15465</identifier><datestamp>2026-02-03T12:22:10Z</datestamp><setSpec>com_10630_2254</setSpec><setSpec>col_10630_37959</setSpec></header><metadata><record xmlns="http://www.loc.gov/MARC21/slim" xmlns:dcterms="http://purl.org/dc/terms/" xmlns:doc="http://www.lyncode.com/xoai" xmlns:xsi="http://www.w3.org/2001/XMLSchema-instance" xsi:schemaLocation="http://www.loc.gov/MARC21/slim http://www.loc.gov/standards/marcxml/schema/MARC21slim.xsd">
   <leader>00925njm 22002777a 4500</leader>
   <datafield ind2=" " ind1=" " tag="042">
      <subfield code="a">dc</subfield>
   </datafield>
   <datafield ind2=" " ind1=" " tag="720">
      <subfield code="a">Molina-García, Álvaro</subfield>
      <subfield code="e">author</subfield>
   </datafield>
   <datafield ind2=" " ind1=" " tag="260">
      <subfield code="c">2018-03-22</subfield>
   </datafield>
   <datafield ind2=" " ind1=" " tag="520">
      <subfield code="a">Hasta hace pocos años, se ha considerado que la solución final de la confusión de sibilantes de la Edad Media era una reducción a un único fonema interdental (ceceo) en Málaga (Penny 2014: 125). No obstante, a partir de la segunda mitad del siglo XX se observa una recuperación de la distinción de las coronales entre los hablantes urbanos instruidos de Andalucía oriental (Ávila Muñoz 1994; Cuevas Molina 2001; Lasarte Cervantes 2012; Villena y Vida 2012; Moya y Sosinski 2015). Se han propuesto dos motivos para esta reversión. La primera, basada en el principio de Garde (1961), defiende que esta fusión nunca llegó a completarse, y la segunda parte de la idea de que sí se completó y han sido factores extralingüísticos y sociales los que han permitido la escisión. Tras haber analizado los parámetros acústicos de las fricativas coronales de doce hombres de diferente nivel educacional y edad, se ha comprobado que no hay variación significativa de parámetros en función de la grafía en los hablantes perceptivamente no distinguidores.</subfield>
   </datafield>
   <datafield ind1="8" ind2=" " tag="024">
      <subfield code="a">https://hdl.handle.net/10630/15465</subfield>
   </datafield>
   <datafield tag="653" ind2=" " ind1=" ">
      <subfield code="a">Español - Fonética</subfield>
   </datafield>
   <datafield ind2="0" ind1="0" tag="245">
      <subfield code="a">Análisis de pistas acústicas en el proceso de escisión fonemática de /s/ : /θ/ en la variedad de la ciudad de Málaga</subfield>
   </datafield>
</record>
</metadata></record></GetRecord></OAI-PMH>